Quizzes
Events
Quiz Creation
Community
Videos
Private Events
Remove Ads
Sign In
Join for FREE
Feedback
Dark Mode
Quiz Categories
Sports
Geography
Music
Movies
Television
Just For Fun
Miscellaneous
History
Literature
Language
Science
Gaming
Entertainment
Religion
Holiday
For Kids
Quiz Lab
Recent
Popular Today
Quiz Kudos Today
Editor Picks
Curator Picks
Quizzes by...
Day
Popularity
Type
Ratings
Length
Year
Community
Subscriptions
Recent Discussions
Orange Saloon
Badges
Playlists
Quests
Create
Leaderboards
Showdown
Live 5
Trivia Bingo
Activity
Puzzle Library
Sporcle Events
Private Events
Virtual Trivia
Globe League
Become a Host
Pub Owners
SporcleCon
Opinionation
Our Games
Videos
Blog
Mobile Apps
Partnerships
Remove Ads and Go Orange
Feedback
Geography
Country
Landmarks
City
State
Population
World
Capital
Continent
Flags
Europe
Africa
Asia
South America
North America
Oceania
Border
Canada
United Kingdom
Topography
United States
Geography
Country
Landmarks
City
State
Population
World
Capital
Continent
Flags
Europe
Africa
Asia
South America
North America
Oceania
Border
Canada
United Kingdom
Topography
United States
Random Quiz
Search Sporcle
×
Quiz Lab
Quiz Lab
Geography
World
Type in answers that appear in a list
Type in answers that appear in a list
Classic
Best Score? Go Orange.
Description World Countries Stats
Can you name the countries by reading their description?
By
scandiaca
7m
30 Questions
357 Plays
357 Plays
357 Plays
Comments
Comments
Give Quiz Kudos
Give Quiz Kudos
-
- Ratings
hide this ad
Forced Order
Answers have to be entered in order
Answers have to be entered in order
Replay
Link that replays current quiz
Next Quiz
Link to next quiz in quiz playlist
You Got
0%
They Got
Avg Score
57%
Avg Friend Score
Upgrade to see
Score Distribution
Jump to the score distribution portion of the page
Score
0/30
Timer
07:00
0
Plays Today
Description
Countries
% Correct
Capital is Nairobi, and country is on equator
Kenya
86.8%
Manufactures Peugeot and Renault
France
83.2%
Was the heart of the Incan Empire
Peru
82.9%
Country occupies the Western Sahara
Morocco
78.4%
Branches of Nile River meet at the capital
Sudan
75.9%
First settlers were from Norway
Iceland
75.1%
Flag has a blue cross, bordered by Russia
Finland
75.1%
Flag is totally green
Libya
73.1%
Country is composed of South Island and North Island
New Zealand
72%
This country is most famous for Goulash
Hungary
65.5%
Ful medames, a recipe old as their great wonder of the world
Egypt
64.7%
Zanzibar island is near this country
Tanzania
63.6%
The Ryukyu Islands is part of this country
Japan
61.9%
Black Hawk Down is based on this country.
Somalia
58.8%
Composed of Bohemia and Moravia
Czech Republic
58%
Description
Countries
% Correct
Country currency is the Zloty
Poland
57.7%
Great food called Gyros, we love it so much
Greece
57.7%
Currency is the Won
South Korea
56.9%
Capital is Bandar Seri Begawan
Brunei
56.6%
Famous for the city of Petra
Jordan
54.3%
Arabian Island country with low oil reserves
Bahrain
53.5%
Jostedal Glacier is here
Norway
48.7%
The Great Dividing Range is located here
Australia
44%
Famous for Sherry, besides other stuff
Spain
41.2%
Strict laws around littering, especially in city
Singapore
39.5%
Currency is the Lev
Bulgaria
33.1%
Sepak Raga is a traditional sport here
Malaysia
28.3%
World's largest exporter of vanilla
Madagascar
28%
People here serve caviar as a sign of friendship
Kazakhstan
22.4%
The Otavalo Market is located north of capital
Ecuador
14.6%
Quiz Playlist
Details
Report
Send in Message
Add To Playlist
Classic:
Type in answers that appear in a list
Forced Order:
Answers have to be entered in order
Last Updated: Feb 16, 2017
Quiz Scoreboard
CHALLENGE
Sign Up to Join the Scoreboard
Show All
Scores
Hide
Comments
May contain spoilers
Recently Published
Popular People in 1961
by mucciniale
History
6m
1-10 Letter E Words III
by El_Dandy
Language
2m
One Thing in Common: World Cities II
by knightlancer
Geography
7m
More to Explore
Quiz From the Vault
Featured Blog Post
Where Did the Easter Bunny Come From?
hide this ad
You Might Also Like...
Tags
Country Quiz
World Quiz
description
Reading
Today's Top Quizzes in Geography
Browse Geography
hide this ad
Today's Top Quizzes in World
Browse World
Top Contributed Quizzes in Geography
1
Countries of the World - No Outlines Minefield
2
African Flag Reveal XLV
3
Top 25 Cities of France on a map
4
Closest Countries to UK A-Z
5
Blind Secret Country CLXXXVIII
6
Find the US States - No Outlines
7
One Thing in Common: Asia
8
Blind Ultimate Minefield: Asia
9
30 Pics in 60: Landmark Cities
10
Find the States of India (Picture Click)
Explore More
Trending Topics
Kpop
Disney
NBA
Marvel
Anime
Harry Potter
Crossword
Pokémon
Soccer
NFL
Puzzle
The Office
WWE
Song
Country
hide this ad
More By:
scandiaca
Quiz
Plays
Rating
Category
Featured
Created
Diseases in History
1,452
1.85
Science
Dec 17, 2009
Silent Hill Games
1,235
3.50
Gaming
Dec 19, 2009
Filipino Numbers
920
4.00
Language
Jan 8, 2010
Ten Dog Names
728
1.38
Miscellaneous
Dec 21, 2009
15 Skate Brands
494
1.00
Sports
Jan 11, 2010
Go to Creator's Profile
Score Distribution
Quiz Creator Spotlight
scandiaca
Follow
Send a Message
Quizzes Created
-
Created Quiz Play Count
-
More By This Creator
Popular Quizzes Today
1
Find the US States - No Outlines Minefield
2
The Countries of the World
3
Popular People in 1961
4
Find the Countries of Europe - No Outlines Minefield
5
1-10 Letter E Words III
6
Find the US States
7
One Thing in Common: World Cities II
8
US States
More Geography Quizzes
Euro Cities by Google Streetview 2
Quiz Lab
Trending Quizzes
Country Music Stars Doing Things
Get the Picture: Carrie or Dolly
1-10 Letter F Words
1-10 Letter G Words
Risky Map Clicking: Next State Alphabetically
Recently Updated
Leaping Animals
pecheneg
Reality TV Shows (A-Z)
bhenderson79
Rickey Henderson's Hall of Fame Teammates
pecheneg
Champions League XIs: Arsenal
pecheneg
Quick Pick: Celebrities in WWE's Hall of Fame
aduchscher
A-Z Keypad Blitz II
pecheneg
Multiple Oscar Actors
pecheneg
Mystery Phrase Blitz: Oscar 'Best Actors'
pecheneg
F. Scott Fitzgerald Novels
LTH
Pick 3 Villains
ddd62291
Trending Topics
NBA
Kpop
Anime
Marvel
Harry Potter
Disney
Crossword
Pokémon
WWE
Song
Puzzle
The Office
NFL
Country
Soccer
Your Account Isn't Verified!
In order to create a playlist on Sporcle, you need to verify the email address you used during registration. Go to your
Sporcle Settings
to finish the process.
Report this User
Report this user for behavior that violates our
Community Guidelines
.
Details:
Send Report
Go to the Sporcle.com Mobile Site →
Comments